00708 a2200193 4500020001500000040001700015082001000032245017300042246002800215246002300243260006100266300003500327440003800362650002800400650002900428700002100457700001400478700002200492 a9810222890 aDLCbEnglish00a511.310aFoundations and applications of possibility theory : proceedings of FAPT '95 : Ghent, Belgium, 13-15 December 1995 ceditors, Gert de Cooman, Da Ruan, Etienne E. Kerre.30aProceedings of FAPT '9530aPossibility theory aSingapore ;aRiver Edge, NJ :bWorld Scientific,cc1995. axiii, 328 p. :bill. ;c23 cm. 0aAdvances in fuzzy systems ;vv. 8 0aFuzzy setsxCongresses. 0aPossibilityxCongresses.1 aCooman, Gert de.1 aRuan, Da.1 aKerre, Etienne E.